000 00337nam a2200121Ia 4500
008 240731s9999 xx 000 0 und d
022 _a2208-7168
245 0 _aJournal of Clinical Practice in Speech-Language Pathology
260 _bTaylor & Francis
856 _uhttps://www.tandfonline.com/loi/tslp20
942 _2ddc
942 _cTFEJ
999 _c77538
_d77538
945 _a1
_bMadushi Gamage
_c1
_dMadushi Gamage